Szczegóły MARC21

HTML goodies : rodzynki języka HTML /

003 -Nazwa inst., której nr kontr. jest w polu 001 [,]
    • @
    • Nazwa instytucji, której n kontrolny jest w polu 001
    • NUKAT
005 -DATA I CZAS OSTATNIEJ MODYFIKACJI [,]
    • @
    • pole kontrolne
    • 20241231103515.0
020 -Międzynarod. znormalizowany nr książki - ISBN [ , ]
    • a
    • Numer ISBN
    • 837158198X Find
040 -Instytucja sporządzająca opis [ , ]
    • a
    • Instytucja, która sporządziła opis (NP)
    • TOR U/MIMH
    • c
    • Instytucja, która sporządziła rekord (NP)
    • TOR U/MIMH
    • d
    • Instytucja, która zmodyfikowała rekord (P)
    • TOR U/LF
041 -Język dokumentu [1, ]
    • a
    • Język tekstu (P)
    • polski
    • h
    • Język tekstu oryginalnego i/lub pośredniego (P)
    • angielski
942 -Rodzaj dokumentu [ , ]
    • c
    • Rodzaj dokumentu
    • Książka
100 -Hasło główne - nazwa osobowa [1, ]
    • a
    • Nazwa osobowa (NP)
    • Burns, Joe.
    • 9
    • KHW
    • 685797
245 -Strefa tytułu i oznaczenia odpowiedzialności [1,0]
    • a
    • Tytuł
    • HTML goodies : Find
    • b
    • Ciąg dalszy tytułu (NP)
    • rodzynki języka HTML / Find
    • c
    • Pozostałe elementy strefy tytułu i oznaczenia odpowiedzialności (NP)
    • Joe Burns ; przekł. z jęz. ang. Ryszard Glegoła.
260 -Strefa adresu wydawniczego [ , ]
    • a
    • Miejsce wydania (P)
    • Warszawa :
    • b
    • Nazwa wydawcy (P)
    • MIKOM,
    • c
    • Data wydania (P)
    • 1999.
300 -Strefa opisu fizycznego [ , ]
    • a
    • Określenie formy książki i/lub objętość (NP)
    • 572 s. :
    • b
    • Oznaczenie ilustracji (NP)
    • rys. ;
    • c
    • Format (NP)
    • 24 cm.
336 -Typ zawartości [ , ]
    • a
    • Termin opisujący typ zawartości
    • Tekst
    • b
    • Kod określający zawartość
    • txt
    • 2
    • Źródło (terminu i kodu)
    • rdacontent
337 -Typ mediów [ , ]
    • a
    • Tryb odtwarzania
    • Bez urządzenia pośredniczącego
    • b
    • Kod typu mediów
    • n
    • 2
    • Źródło (terminu i kodu)
    • rdamedia
338 -Typ/rodzaj nośnika [ , ]
    • a
    • Hasło opisujące typ nośnika
    • Wolumin
    • b
    • Kod typu nośnika
    • nc
    • 2
    • Źródło (terminu i kodu)
    • rdacarrier
490 -Strefa serii i książki wielotomowej - forma nie do wyszukiwania [1, ]
    • a
    • Tytuł (P)
    • Świat Internetu Find
830 -Hasło dodatkowe serii i opisu książki wielotomowej - tytuł ujednolicony/tytuł [ ,0]
    • a
    • Tytuł ujednolicony/tytuł (NP)
    • Świat Internetu
    • 9
    • KHW
    • 685791
504 -Uwaga dot. bibliogr. załącznikowej [ , ]
    • a
    • Uwaga dot. bibliografii załącznikowej
    • Indeks.
080 -Uniwersalna Klasyfikacja Dziesiętna [ , ]
    • a
    • Symbol klasyfikacji
    • 004.738.5
    • 9
    • UKD
    • 2139
    • 2
    • Identyfikator wydania tablic
    • UDC-P058
    • b
    • Dopowiedzenie
    • Internet.
080 -Uniwersalna Klasyfikacja Dziesiętna [ , ]
    • a
    • Symbol klasyfikacji
    • :004.438HTML
650 -Hasło przedmiotowe [ ,7]
    • a
    • Hasło przedmiotowe
    • HTML (język znaczników).
    • 2
    • Źródło terminu
    • kaba
    • 9
    • KHW
    • 110932
650 -Hasło przedmiotowe [ ,7]
    • a
    • Hasło przedmiotowe
    • World Wide Web.
    • 2
    • Źródło terminu
    • kaba
    • 9
    • KHW
    • 136344
650 -Hasło przedmiotowe [ ,7]
    • a
    • Hasło przedmiotowe
    • Java (język programowania).
    • 2
    • Źródło terminu
    • kaba
    • 9
    • KHW
    • 112720
650 -Hasło przedmiotowe [ ,7]
    • a
    • Hasło przedmiotowe
    • JavaScript (język programowania).
    • 2
    • Źródło terminu
    • kaba
    • 9
    • KHW
    • 112723
650 -Hasło przedmiotowe [ ,7]
    • a
    • Hasło przedmiotowe
    • CGI (protokół sieci komputerowych).
    • 2
    • Źródło terminu
    • kaba
    • 9
    • KHW
    • 104219
650 -Hasło przedmiotowe [ ,7]
    • a
    • Hasło przedmiotowe
    • Microsoft Internet Explorer (oprogramowanie).
    • 2
    • Źródło terminu
    • kaba
    • 9
    • KHW
    • 119213
980 -Symbol UKD [ , ]
    • a
    • UKD
    • 004.738.5:004.438HTML
700 -Hasło dodatkowe - nazwa osobowa [1, ]
    • a
    • Nazwa osobowa (NP)
    • Glegoła, Ryszard. Find
    • e
    • Określenie rodzaju współpracy
    • Tł.
    • 9
    • KHW
    • 685798
710 -Hasło dodatkowe - nazwa ciała zbiorowego [2, ]
    • a
    • Nazwa ciała zbiorowego lub nazwa geograficzna jako pierwszy element (NP)
    • Wydawnictwo MIKOM.
    • 4
    • Kod relacji
    • pbl
    • 9
    • KHW
    • 94269
920 -ISBN [ , ]
    • a
    • ISBN
    • 83-7158-198-X Find
Sygnatura Data inwentaryzacji Lokalizacja Status udost. Numer inwentarzowy
Informatyka2000-03-31BG1N.17418